80s Artist by Song #5 - Statistics

General Stats
  • This quiz has been taken 212 times
  • The average score is 13 of 20
Answer Stats
Hint Answer % Correct
I Love Rock 'N Roll Joan Jett & The Blackhearts
87%
Walk Like an Egyptian The Bangles
86%
Time After Time Cyndi Lauper
84%
Karma Chameleon Culture Club
83%
Faith George Michael
83%
Free Fallin' Tom Petty
78%
We Built This City Starship
76%
Danger Zone Kenny Loggins
70%
Rock the Casbah The Clash
70%
Holding out for a Hero Bonnie Tyler
67%
Bette Davis Eyes Kim Carnes
65%
Owner of a Lonely Heart Yes
65%
Sharp Dressed Man ZZ Top
64%
Abracadabra Steve Miller Band
58%
Caribbean Queen Billy Ocean
57%
Listen to Your Heart Roxette
47%
Tom Sawyer Rush
44%
The Flame Cheap Trick
36%
Working for the Weekend Loverboy
29%
Oh Yeah Yello
10%
No matching quizzes found
Score Distribution
Percent of People with Each Score
Percentile by Number Answered
Your Score History
You have not taken this quiz